Kto to grał? #1 - Statystyki

Ogólne statystyki
  • Ten quiz został rozwiązany 43 razy
  • Średni wynik to 11 z 15
Statystyki odpowiedzi
utwory: wykonawca: % Poprawnych
"Wehikuł czasu","Sen o Victorii","Czerwony jak cegła","List do M","Do kołyski". Dżem
83%
"Zawsze tam gdzie ty","Kryzysowa narzeczona","Tańcz głupia, tańcz","Zamki na piasku","Zostawcie Titanica". Lady Pank
83%
"Długość dźwięku samotności","My","Dla Ciebie","Mieć czy być","Scenariusz dla moich sąsiadów". Myslovitz
80%
"Baśka","Na zawsze i na wieczność","Urke","Love Story","Na krawędzi życia". Wilki
80%
"Kocham cię, kochanie moje","Krakowski spleen","Cykady na Cykladach","Lucciola","Szare miraże". Maanam
77%
"Bal wszystkich świętych","Takie tango","Za ostatni grosz","Sen o Dolinie","Piąty bieg". Budka Suflera
71%
"Kwiaty we włosach","Nie zadzieraj nosa","Ciągle pada","Anna Maria","Nie Spoczniemy". Czerwone Gitary
71%
"Kamień z napisem Love","Skrzydlate ręce","Lili","Tak smakuje życie","Radio Hello". Enej
71%
"Gdy nie ma dzieci","Celina","Baranek","Maria ma syna","Brooklyńska Rada Żydów". Kult
69%
"Autobiografia","Nie płacz Ewka","Wszystko Ma Swój Czas","Raz po raz","Niewiele ci mogę dać". Perfect
69%
"King","Nie,nie,nie","Chłopaki nie płaczą","Ajrisz","I Love You". T.Love
69%
"Agnieszka","Narcyz","Anka, ot tak","Oczy szeroko zamknięte","Puste słowa". Łzy
66%
"Czerwone korale","Wesele","W Kinie W Lublinie - Kochaj Mnie","Mamo Ja Nie Chcę za Mąż","Gdzie ten, który powie mi". Brathanki
60%
"Szklana pogoda","Przeżyj to sam","Mister of America","Taniec pingwina na szkle","Adriatyk, Ocean Gorący". Lombard
60%
"Chodź, pomaluj mój świat","Windą do nieba","Iść w stronę słońca","Easy come, easy go","Wielki mały człowiek". 2+1
49%
Nie znaleziono quizów pasujących do podanych kryteriów
Rozkład punktacji
Procent ludzi z każdym wynikiem
Percentyl według liczby udzielonych odpowiedzi
Twoja historia wyników
Nie rozwiązałeś tego quizu